000 00470nam a2200133 4500
999 _c9300
_d9300
008 180430b ||||| |||| 00| 0 eng d
082 _aDPer 050 Dec 2015-Mar 2016 T48 v186-187
100 _927671
_aRothman, Lily.
245 _aFirst comes love, then comes...whatever you want/
_cLily Rothman.
260 _aNew York:
_bTime Inc.,
_c©Dec 2015-Mar 2016.
300 _av187 n10, page 45:
_billustrations;
_c27 cm.
650 0 _927672
_aWriting
_xBook.
942 _2ddc
_cPER